Ligne 14 des TPG : tous les arrêts - Statistiques

Statistiques générales
  • Ce quiz a été pris 30 fois
    23 depuis la dernière actualisation
  • Le résultat moyen est 23 sur 30
Statistiques - réponses
Connexions Arrêt % Correct
2, 3, 5, 7, 10, 12, 17, 18, 19, 20, 80, 92 Genève, Bel-Air
94%
3, 5, 10, 18, 19, 20 Genève, Coutance
94%
1, 3, 5, 6, 8, 9, 10, 15, 18, 19, 20, 25, 60, 61, E+, G+ Genève, Gare Cornavin
94%
3, 11, 18 Genève, Servette
94%
57, 64, 67 Meyrin, Gravière
94%
18 Vernier, Balexert
94%
1, 15, 80 Genève, Stand
88%
2, 11, 19, 80, 91 Genève, Jonction
88%
3, 18 Genève, Lyon
88%
80 Genève, Palladium
88%
2, 40, 42, 43 Onex, Salle communale
88%
Petit-Lancy, Quidort
88%
10, 18, 22, 51, 53, C7 Vernier, Bouchet
88%
40, 42, 47, 70, L Bernex, P+R
81%
40, 42, 83 Bernex, Vailly
81%
18 Genève, Vieusseux
81%
18, 57 Meyrin, Jardin-Alpin-Vivarium
81%
21, 22, 23, 28, 40, 42, C7 Petit-Lancy, Les Esserts
81%
21, 40, 42 Petit-Lancy, Place
81%
18 Vernier, Avanchets-Etang
81%
3, 18 Genève, Poterie
75%
40, 42 Onex, Bandol
75%
40, 42, 70, 83 Bernex, Luchepelet
63%
40, 42, 47, 48, 70, L Confignon, Croisée
63%
18, 23, 28, 53, 57, 68 Vernier, Blandonnet
63%
Bernex, Pré-Marais
56%
40, 42 Confignon, La Dode
44%
71 Meyrin, Vaudagne
44%
Bernex, Hainard
38%
57 Meyrin, Forumeyrin
38%
Aucun quiz correspondant
Distribution des résultats
% des personnes avec chaque résultat
Percentile par nombre de réponses
Votre historique - résultats
Vous n’avez pas pris ce quiz depuis la dernière actualisation